Words that Rhyme with "Corn" - Statistics

General Stats
  • This quiz has been taken 2,283 times
  • The average score is 9 of 14
Answer Stats
Hint Answer % Correct
Born
95%
Porn
93%
Torn
93%
Horn
91%
Worn
88%
Morn
78%
Lorn
73%
Mourn
62%
Thorn
57%
Shorn
54%
Sworn
51%
Scorn
48%
Borne
22%
Warn
22%
No matching quizzes found
Score Distribution
Percent of People with Each Score
Percentile by Number Answered
Your Score History
You have not taken this quiz